| 000 | 00416nam a2200157Ia 4500 | ||
|---|---|---|---|
| 008 | 210719s1996 xx 000 0 und d | ||
| 041 | _aeng | ||
| 082 | _a820.301 MODW | ||
| 100 | _aMODY (Jehangir R P) | ||
| 245 | _aWriting the short story. | ||
| 260 |
_aAllahabad _bBetter yourself books _c1996 |
||
| 300 |
_a216 _bPB |
||
| 365 |
_b250 _cRs |
||
| 650 | _aIndian English Criticism | ||
| 906 | _aShort Story Writing | ||
| 999 |
_c212532 _d212532 |
||